<?xml version="1.0" encoding="UTF-8"?>
<record
    xmlns:xsi="http://www.w3.org/2001/XMLSchema-instance"
    xsi:schemaLocation="http://www.loc.gov/MARC21/slim http://www.loc.gov/standards/marcxml/schema/MARC21slim.xsd"
    xmlns="http://www.loc.gov/MARC21/slim">

  <leader>01978nam a22003017u 4500</leader>
  <controlfield tag="001">pwiiw6997</controlfield>
  <controlfield tag="003">OSt</controlfield>
  <controlfield tag="005">20260516120019.0</controlfield>
  <controlfield tag="008">240909t2024    au ||||| |||| 00| ||eng d</controlfield>
  <datafield tag="040" ind1=" " ind2=" ">
    <subfield code="c">OSt</subfield>
  </datafield>
  <datafield tag="041" ind1=" " ind2=" ">
    <subfield code="a">eng</subfield>
  </datafield>
  <datafield tag="084" ind1=" " ind2=" ">
    <subfield code="a">E61</subfield>
    <subfield code="a">F15</subfield>
    <subfield code="a">F43</subfield>
    <subfield code="a">O47</subfield>
    <subfield code="2">jelc</subfield>
  </datafield>
  <datafield tag="100" ind1="1" ind2=" ">
    <subfield code="a">Sla&#x10D;&#xED;k, Tom&#xE1;&#x161;</subfield>
  </datafield>
  <datafield tag="245" ind1="1" ind2="0">
    <subfield code="a">Still in the Fast Lane? How can EU-CEE Get its Groove Back?</subfield>
  </datafield>
  <datafield tag="260" ind1=" " ind2=" ">
    <subfield code="a">Wien :</subfield>
    <subfield code="b">Wiener Institut f&#xFC;r Internationale Wirtschaftsvergleiche (wiiw),</subfield>
    <subfield code="c">2024.</subfield>
  </datafield>
  <datafield tag="300" ind1=" " ind2=" ">
    <subfield code="a">52 S., </subfield>
    <subfield code="b">7 Tables and 27 Figures,</subfield>
    <subfield code="c">30cm.</subfield>
  </datafield>
  <datafield tag="490" ind1="1" ind2=" ">
    <subfield code="a">wiiw Research Reports</subfield>
    <subfield code="v">475</subfield>
  </datafield>
  <datafield tag="520" ind1=" " ind2=" ">
    <subfield code="a">This report revisits the growth and convergence performance of the 11 EU member states in Central, East and Southeast Europe (EU-CEE11) over the past few decades, examining the underlying drivers, structural changes and the outlook. The review aims to assess the sustainability of the current economic model and identify areas for economic policy to focus on boosting growth. The findings show that convergence has significantly slowed since the global financial crisis, with value added growth declining in virtually all industries. This slowdown is attributed to structural rather than cyclical factors, with total factor productivity (TFP) being the main driver as well as the primary culprit behind the deceleration. Since medium-term growth projections for the region are not optimistic, the EU-CEE11 countries must make substantial efforts to improve their economic models. Key areas to focus on include energy, underutilised labour and improving human capital. While still very competitive, the manufacturing sector needs to move towards higher value added activities.
</subfield>
  </datafield>
  <datafield tag="650" ind1=" " ind2=" ">
    <subfield code="a">growth</subfield>
  </datafield>
  <datafield tag="650" ind1=" " ind2=" ">
    <subfield code="a">convergence</subfield>
  </datafield>
  <datafield tag="650" ind1=" " ind2=" ">
    <subfield code="a">growth model</subfield>
  </datafield>
  <datafield tag="650" ind1=" " ind2=" ">
    <subfield code="a">EU-CEE11</subfield>
  </datafield>
  <datafield tag="651" ind1=" " ind2=" ">
    <subfield code="a">New EU Member States</subfield>
  </datafield>
  <datafield tag="690" ind1=" " ind2=" ">
    <subfield code="a">International Trade, Competitiveness and FDI</subfield>
  </datafield>
  <datafield tag="830" ind1=" " ind2="0">
    <subfield code="v">475</subfield>
    <subfield code="w">WIIW0000048</subfield>
    <subfield code="t">wiiw Research Reports</subfield>
  </datafield>
  <datafield tag="856" ind1="4" ind2="0">
    <subfield code="u">https://wiiw.ac.at/p-6997.html</subfield>
  </datafield>
  <datafield tag="942" ind1=" " ind2=" ">
    <subfield code="c">P</subfield>
  </datafield>
  <datafield tag="999" ind1=" " ind2=" ">
    <subfield code="c">9111</subfield>
    <subfield code="d">9111</subfield>
  </datafield>
  <datafield tag="952" ind1=" " ind2=" ">
    <subfield code="0">0</subfield>
    <subfield code="1">0</subfield>
    <subfield code="4">0</subfield>
    <subfield code="7">0</subfield>
    <subfield code="a">BIB</subfield>
    <subfield code="b">BIB</subfield>
    <subfield code="c">1</subfield>
    <subfield code="d">2024-09-09</subfield>
    <subfield code="i">pwiiw6997</subfield>
    <subfield code="l">0</subfield>
    <subfield code="o">5.600/475</subfield>
    <subfield code="p">1000010006997</subfield>
    <subfield code="r">2024-09-09 00:00:00</subfield>
    <subfield code="w">2025-04-07</subfield>
    <subfield code="y">P</subfield>
  </datafield>
</record>
